000 00521cam a2200205ua 4500
020 _c6.00
041 _aeng
_h
082 _a530
_bGAM/PH
100 _aGamow, George .
245 _aPhysics:foundations and frontiers /
_cGeorge Gamow.
_hTextual Documents
250 _a2 /
_b.
260 _aNew Delhi :
_bPrentice Hall of India Pvt Ltd. ,
_c1963.
300 _a551 ; .
365 _a6.00
504 _a
700 1 _aCleveland , John M .
942 _cBK
999 _c11042
_d11042